000 00858nam a2200217 a 4500
003 DLC
005 20250924110926.0
008 010313c1989 mx qr1p r 0 0eng d
035 _aUPN01000059915
040 _aMX-MxUPN
_bspa
_cMX-MxUPN
_eaacr2
245 0 0 _aDocencia :
_bEscuela Normal Superior del Estado de Baja California Sur
260 _aBaja California Sur, México :
_bEscuela Normal Superior del Estado de Baja California Sur,
_c1989-
310 _aTrimestral
520 1 _aEs una publicación que se orienta en la formación y práctica docente, con un enfoque en compartir experiencias pedagógicas, innovaciones educativas y reflexiones sobre la educación en México.
650 2 _aEscuelas normales
_921869
650 4 _aMaestros
_916336
902 _aGloria Jiménez/240925
905 _aRevista
942 _cREV-I
999 _c59793
_d59793